header

Cinematic journeys (Record no. 94245)

MARC details
000 -LEADER
fixed length control field 01313nam a2200313 a 4500
100 1# - MAIN ENTRY--AUTHOR NAME
Personal name Eleftheriotis, Dimitris.
245 10 - TITLE STATEMENT
Title Cinematic journeys
260 ## - PUBLICATION, DISTRIBUTION, ETC. (IMPRINT)
Place of publication Edinburgh :
Name of publisher Edinburgh University Press,
Year of publication 2010.
300 ## - PHYSICAL DESCRIPTION
Number of Pages vi, 208 p.
505 0# - FORMATTED CONTENTS NOTE
Formatted contents note pt. 1. Mobile vision -- pt. 2. Cinematic journeys -- pt. 3. Travelling films.
650 #0 - SUBJECT ADDED ENTRY--TOPICAL TERM
Topical Term Travel in motion pictures.
Topical Term Emigration and immigration in motion pictures.
Topical Term Motion pictures
856 40 - ELECTRONIC LOCATION AND ACCESS
Uniform Resource Identifier http://site.ebrary.com/lib/rucke/Doc?id=10400660

No items available.

© 2026 Rongo University
Contact us: librarian | system librarian | Rongo university